Statistics for 20 Biggest Cities in Montana

Click here to take the quiz!

General Stats

  • This quiz has been taken 6 times
  • The average score is 2 of 20

Answer Stats

HintAnswer% Correct
117,093Germena
83%
60,373Bunia
50%
74,627Ilebo
50%
7,393Basoko
0%
35,306Beni
0%
8,098Bulungu
0%
53,500Bumba
0%
8,206Buta
0%
8,432Gbadolite
0%
9,332Kabinda
0%
25,473Kamina
0%
8,514Kasongo
0%
9,374Kipushi
0%
10,941Lisala
0%
9,435Lodja
0%
7,181Lubao
0%
6,257Lusambo
0%
32,529Mbanza-Ngungu
0%
8,489Mweka
0%
5,988Nioki
0%

Score Distribution

Percentile by Number Answered

Percent of People with Each Score

Your Score History

You have not taken this quiz